| 000 | 01116nam a2200217 a 4500 | ||
|---|---|---|---|
| 008 | 120416s1987 ||||||||||||||||| || u | ||
| 020 | _a0631153462 | ||
| 050 | _aHD 30.27 Jar | ||
| 100 | _aJarrett, Jeffrey, 1940- | ||
| 245 | 1 | 0 | _aBusiness forecasting methods |
| 260 |
_aOxford _bBasil Blackwell _c1987 |
||
| 300 | _avi, 346p. : ill. | ||
| 350 | _a0.00 | ||
| 500 | _aIncludes bibliographies and index. | ||
| 650 | 0 | _aBUSINESS | |
| 650 | 0 | _aBUSINESS FORECASTING | |
| 995 |
_aMAIN LIBRARY OPEN ACCESS _D0.00 _e721377 _FCBU-MAIN LIBRARY (Kitwe) _H4 _I15.00 _jHD 30.27 Jar _M1 _UAVAILABLE _y003071 _ZMain Library Open Access Collection |
||
| 995 |
_aMAIN LIBRARY OPEN ACCESS _D0.00 _e721380 _FCBU-MAIN LIBRARY (Kitwe) _H2 _I15.00 _jHD 30.27 Jar _M4 _UAVAILABLE _y003074 _ZMain Library Open Access Collection |
||
| 995 |
_aANNEX COLLECTION (Main Library) _D0.00 _e721379 _FCBU-MAIN LIBRARY (Kitwe) _H3 _I15.00 _jHD 30.27 Jar _M3 _UAVAILABLE _y003073 _ZAnnex Low-Usage Collection |
||
| 995 |
_aANNEX COLLECTION (Main Library) _D0.00 _e721378 _FCBU-MAIN LIBRARY (Kitwe) _H1 _I15.00 _jHD 30.27 Jar _M2 _UAVAILABLE _y003072 _ZAnnex Low-Usage Collection |
||
| 999 |
_c77900 _d77900 |
||